Studies in criticism and aesthetics, 1660-1800 : (Record no. 21643)
[ view plain ]
| 000 -LEADER | |
|---|---|
| fixed length control field | 01044nam a22002891 4500 |
| 001 - CONTROL NUMBER | |
| control field | 21643 |
| 003 - CONTROL NUMBER IDENTIFIER | |
| rucl marc code | BD-RjUL |
| 005 - DATE AND TIME OF LATEST TRANSACTION | |
| control field | 20211209000718.0 |
| 008 - FIXED-LENGTH DATA ELEMENTS--GENERAL INFORMATION | |
| fixed length control field | 140304s1967 mnuac b 011 0 engs |
| 035 ## - SYSTEM CONTROL NUMBER | |
| System control number | (BD-RjUL)21708 |
| 040 ## - CATALOGING SOURCE | |
| Original cataloging agency | DLC |
| Transcribing agency | DLC |
| Modifying agency | DLC |
| -- | BD-RjUL |
| Language of cataloging | eng |
| 041 ## - LANGUAGE CODE | |
| Language code of text/sound track or separate title | eng |
| 082 00 - DEWEY DECIMAL CLASSIFICATION NUMBER | |
| Classification number | 700.8 |
| Author mark and year | STU 1967 |
| 245 10 - TITLE STATEMENT | |
| Title | Studies in criticism and aesthetics, 1660-1800 : |
| Remainder of title | essays in honor of Samuel Holt Monk / |
| Statement of responsibility, etc. | edited by Howard Anderson and John S. Shea. |
| 260 ## - PUBLICATION, DISTRIBUTION, ETC. (IMPRINT) | |
| Place of publication, distribution, etc. | Minneapolis : |
| Name of publisher, distributor, etc. | University of Minnesota Press, |
| Date of publication, distribution, etc. | c1967. |
| 300 ## - PHYSICAL DESCRIPTION | |
| Pagination | 419 p. : |
| Illustrations | ill., port. ; |
| Size | 24 cm. |
| 504 ## - BIBLIOGRAPHY, ETC. NOTE | |
| Bibliography, etc | Includes bibliographical references and index. |
| 650 #0 - SUBJECT ADDED ENTRY--TOPICAL TERM | |
| Topical term or geographic name as entry element | English literature |
| Chronological subdivision | 18th century |
| General subdivision | History and criticism. |
| 9 (RLIN) | 4254 |
| Topical term or geographic name as entry element | Aesthetics, British |
| Chronological subdivision | 18th century. |
| 9 (RLIN) | 66824 |
| 700 1# - ADDED ENTRY--PERSONAL NAME | |
| Personal name | Anderson, Howard |
| Fuller form of name | (Howard Peter) |
| Personal name | Shea, John S., |
| Relator term | joint ed. |
| Personal name | Monk, Samuel Holt. |
| 942 ## - ADDED ENTRY ELEMENTS (KOHA) | |
| Source of classification or shelving scheme | Dewey Decimal Classification |
| Koha item type | Books |
| Lost status | Source of classification or shelving scheme | Damaged status | Not for loan | Collection code | Permanent Location | Current Location | Shelving location | Date acquired | Source of acquisition | Cost, normal purchase price | Total Checkouts | Full call number | Date last seen | Copy number | Koha item type |
|---|---|---|---|---|---|---|---|---|---|---|---|---|---|---|---|
| Dewey Decimal Classification | Added to bundle | Non-fiction | Central Library, University of Rajshahi | Central Library, University of Rajshahi | Reading Room | 22/08/1970 | Zitlinger | 0.00 | 700.8 STU 1967 | 05/03/2014 | C-1 | Books |